[Event "zonal 1.7"]
[Site "Riga LAT"]
[Date "1995.03.??"]
[Round "1"]
[White "Ehlvest, Jaan"]
[Black "Kulaots, Kaido"]
[Result "1-0"]
[WhiteElo "2615"]
[BlackElo "2410"]
[EventDate "1995.03.12"]
[PlyCount "101"]

1.d4 Nf6 2.Nf3 g6 3.c4 Bg7 4.Nc3 O-O 5.Bg5 h6 6.Bh4 d6 7.e3 Nbd7 8.Qc2 e5 
9.Rd1 Re8 10.Be2 c6 11.O-O Qe7 12.h3 a6 13.a3 Qf8 14.Bg3 Qe7 15.dxe5 dxe5 
16.b4 b6 17.Rd2 Bb7 18.Rfd1 e4 19.Nh2 h5 20.Bh4 Rad8 21.Nf1 c5 22.Nd5 Bxd5
23.Rxd5 Nf8 24.Rxd8 Rxd8 25.Rxd8 Qxd8 26.Qxe4 Nxe4 27.Bxd8 Nd7 28.Bf3 Nd6 
29.bxc5 bxc5 30.Nd2 Bb2 31.a4 Kf8 32.Bd5 Bc3 33.Ne4 Nxe4 34.Bxe4 Ne5 35.
Bd5 a5 36.Kf1 Nd3 37.Bc6 Ne5 38.Bb5 Bb4 39.Bf6 Nd3 40.Ke2 Nc1+ 41.Kd1 Nd3 
42.Ke2 Nc1+ 43.Kf3 Nd3 44.g3 Nc1 45.g4 hxg4+ 46.hxg4 Be1 47.g5 Bb4 48.Ke4 
Ne2 49.Bc6 Nc3+ 50.Kd3 Nd1 51.Bf3 1-0

[Event "zonal 1.7"]
[Site "Riga LAT"]
[Date "1995.03.??"]
[Round "1"]
[White "Fridmans, Daniels"]
[Black "Rotsagov, Mihhail"]
[Result "1-0"]
[WhiteElo "2440"]
[BlackElo "2485"]
[EventDate "1995.03.12"]
[PlyCount "103"]

1.Nf3 c5 2.c4 Nf6 3.Nc3 d5 4.cxd5 Nxd5 5.g3 g6 6.Bg2 Bg7 7.O-O O-O 8.Ng5 
Nc7 9.d3 Nd7 10.Be3 e5 11.Qb3 Rb8 12.Nge4 Ne6 13.Qa3 Qb6 14.Nd5 Qa6 15.
Qxa6 bxa6 16.Ne7+ Kh8 17.Nd6 Nb6 18.Nc6 Ra8 19.Ne7 Rb8 20.Nc6 Ra8 21.Nxc8 
Raxc8 22.Nxa7 Rc7 23.Nc6 Nd4 24.Nxd4 cxd4 25.Rfc1 Rxc1+ 26.Bxc1 Rc8 27.Kf1
Rc7 28.Ke1 Bf8 29.Kd1 Na4 30.Bd5 f5 31.Bb3 Nc5 32.Bc4 Bd6 33.b3 Kg7 34.Bd2
Kf6 35.a4 Ra7 36.Ba5 Nd7 37.Rc1 Ke7 38.Bd5 Bc5 39.Bg8 h6 40.Rxc5 Nxc5 41.
Bb6 Ra8 42.Bxc5+ Kd7 43.Bd5 Rc8 44.b4 a5 45.Bc4 axb4 46.Bxb4 Kc6 47.Kc2 g5
48.Be6 Ra8 49.Kb3 f4 50.Bf5 Rd8 51.g4 Kb6 52.f3 1-0

[Event "zonal 1.7"]
[Site "Riga LAT"]
[Date "1995.03.??"]
[Round "1"]
[White "Rausis, Igors"]
[Black "Kengis, Edvins"]
[Result "1/2-1/2"]
[WhiteElo "2495"]
[BlackElo "2575"]
[EventDate "1995.03.12"]
[PlyCount "25"]

1.d4 Nf6 2.c4 e6 3.Nf3 b6 4.g3 Bb7 5.Bg2 Be7 6.O-O O-O 7.Nc3 Ne4 8.Nxe4 
Bxe4 9.Ne1 Bxg2 10.Nxg2 d5 11.Qa4 Qe8 12.Qb3 dxc4 13.Qxc4 1/2-1/2

[Event "zonal 1.7"]
[Site "Riga LAT"]
[Date "1995.03.??"]
[Round "1"]
[White "Sepp, Olav"]
[Black "Miezis, Normunds"]
[Result "1-0"]
[WhiteElo "2460"]
[BlackElo "2435"]
[EventDate "1995.03.12"]
[PlyCount "79"]

1.e4 c5 2.Nc3 e6 3.Nge2 a6 4.g3 b5 5.Bg2 Bb7 6.O-O h5 7.d4 cxd4 8.Nxd4 h4 
9.Re1 hxg3 10.hxg3 Bc5 11.Be3 Be7 12.Nb3 d6 13.a4 b4 14.Na2 Nc6 15.Nd4 a5 
16.c3 Ne5 17.cxb4 Nf6 18.Bf4 Neg4 19.Bg5 Qb6 20.b5 e5 21.Bxf6 Nxf2 22.Qd2 
Nh3+ 23.Bxh3 Bxf6 24.Bg2 exd4 25.Nc1 Be5 26.Qf2 Rh5 27.Nd3 Rg5 28.Rf1 
O-O-O 29.Qxf7 Rxg3 30.Qe6+ Kb8 31.Nxe5 d3+ 32.Rf2 Bxe4 33.Nd7+ Rxd7 34.
Qxe4 d2 35.Rd1 d5 36.Qe5+ Qc7 37.Qxc7+ Kxc7 38.Rfxd2 Rb3 39.Rc2+ Kb8 40.
Rxd5 1-0

[Event "zonal 1.7"]
[Site "Riga LAT"]
[Date "1995.03.??"]
[Round "1"]
[White "Sokolovs, Andrejs"]
[Black "Kaunas, Kestutis"]
[Result "1/2-1/2"]
[WhiteElo "2520"]
[BlackElo "2415"]
[EventDate "1995.03.12"]
[PlyCount "169"]

1.d4 Nf6 2.c4 e6 3.Nf3 b6 4.Nc3 Bb7 5.a3 d5 6.cxd5 Nxd5 7.Qc2 Nd7 8.Bd2 
Be7 9.e4 Nxc3 10.Bxc3 O-O 11.Rd1 Qe8 12.Bd3 c5 13.Bb5 a6 14.Bxd7 Qxd7 15.
dxc5 Qb5 16.cxb6 Rfc8 17.Qd3 Qxb6 18.O-O a5 19.Rfe1 a4 20.Ne5 f6 21.Nc4 
Qc7 22.Qd7 Qxd7 23.Rxd7 Rxc4 24.Rxe7 Bxe4 25.Rxe6 Bc2 26.Re7 Rd8 27.R1e3 
Rd1+ 28.Be1 h5 29.h3 h4 30.Kh2 Bf5 31.Bc3 Rd7 32.Re8+ Kh7 33.Rb8 Be4 34.f3
Bg6 35.Re1 Bf7 36.Kg1 Bg6 37.Kf2 Bf7 38.Re3 Bg6 39.Rb4 Rxb4 40.axb4 Kg8 
41.Re6 Ra7 42.Bd4 Rb7 43.Bc5 Rd7 44.Ke1 Rd3 45.Rb6 Rb3 46.Bd4 Rd3 47.Rb8+ 
Kf7 48.Bc5 Rb3 49.Bd4 Rd3 50.Bc3 a3 51.Rc8 axb2 52.Bxb2 Rb3 53.Rc7+ Kg8 
54.Bc3 Bd3 55.Kf2 Bb5 56.g3 hxg3+ 57.Kxg3 Rb1 58.Rc5 Be2 59.Kf2 Ba6 60.h4 
Kh7 61.h5 Rf1+ 62.Kg2 Be2 63.Rf5 Rc1 64.Bd4 Rc4 65.Bc5 Rc2 66.Kg3 Bc4 67.
Bf8 Be6 68.Ra5 Rc8 69.Bd6 Rd8 70.Ra6 Bc4 71.Rb6 Rd7 72.Kf4 Bd5 73.Bf8 Rf7 
74.Bc5 Rd7 75.Rb8 Bf7 76.h6 Kxh6 77.Rh8+ Kg6 78.b5 Rd3 79.Ke4 Rd5 80.Rc8 
Rd1 81.b6 Bd5+ 82.Ke3 Rb1 83.f4 Kf5 84.Rc7 g6 85.Rd7 1/2-1/2

[Event "zonal 1.7"]
[Site "Riga LAT"]
[Date "1995.03.??"]
[Round "1"]
[White "Sulskis, Sarunas"]
[Black "Piesina, Gintautas"]
[Result "1-0"]
[WhiteElo "2470"]
[BlackElo "2400"]
[EventDate "1995.03.12"]
[PlyCount "59"]

1.e4 c5 2.Nf3 d6 3.d4 cxd4 4.Nxd4 Nf6 5.Nc3 a6 6.Bc4 e6 7.Bb3 Nc6 8.O-O 
Be7 9.Be3 O-O 10.f4 Nxd4 11.Bxd4 b5 12.e5 dxe5 13.fxe5 Nd7 14.Ne4 Bb7 15.
Nd6 Bxd6 16.exd6 Qg5 17.Rf2 a5 18.Qe2 a4 19.Bxe6 fxe6 20.Qxe6+ Kh8 21.Qxd7
Rxf2 22.Qxb7 Rff8 23.c3 Rae8 24.h3 h6 25.d7 Re2 26.Rf1 Rd8 27.Qf3 Rxb2 28.
Qe4 Rxa2 29.Rf7 Qc1+ 30.Kh2 1-0

[Event "zonal 1.7"]
[Site "Riga LAT"]
[Date "1995.03.??"]
[Round "2"]
[White "Ehlvest, Jaan"]
[Black "Sulskis, Sarunas"]
[Result "0-1"]
[WhiteElo "2615"]
[BlackElo "2470"]
[EventDate "1995.03.12"]
[PlyCount "76"]

1.d4 Nf6 2.c4 e6 3.Nf3 b6 4.Nc3 Bb7 5.a3 d5 6.Qc2 Be7 7.cxd5 Nxd5 8.Bd2 
O-O 9.e4 Nxc3 10.Bxc3 c5 11.dxc5 bxc5 12.Rd1 Qb6 13.Ne5 Rc8 14.Nc4 Qc7 15.
Be5 Qc6 16.Bd3 Qe8 17.Qc3 f6 18.Nd6 Bxd6 19.Bxd6 Nd7 20.O-O c4 21.Bc2 Nb6 
22.Qh3 Bc6 23.Rc1 Ba4 24.Bb1 Rd8 25.e5 f5 26.Ba2 Rac8 27.b3 cxb3 28.Bxb3 
Rxc1 29.Rxc1 Rc8 30.Rb1 Bxb3 31.Qxb3 Rc4 32.h3 h6 33.Qb5 Qc8 34.Kh2 Kh7 
35.Rb2 Rc1 36.a4 Qc3 37.Re2 Qa1 38.Qe8 f4 0-1

[Event "zonal 1.7"]
[Site "Riga LAT"]
[Date "1995.03.??"]
[Round "2"]
[White "Kaunas, Kestutis"]
[Black "Fridmans, Daniels"]
[Result "1-0"]
[WhiteElo "2415"]
[BlackElo "2440"]
[EventDate "1995.03.12"]
[PlyCount "111"]

1.d4 d6 2.Nf3 Bg4 3.c4 Nd7 4.d5 g6 5.Nd4 Ndf6 6.g3 Bg7 7.Bg2 Qc8 8.Nc3 Bh3
9.Qa4+ Bd7 10.Qa5 c5 11.dxc6 bxc6 12.O-O Nh6 13.e4 Nhg4 14.Nf3 Be6 15.e5 
Nxe5 16.Nxe5 dxe5 17.Qxe5 Bxc4 18.Re1 O-O 19.Qc5 Bd5 20.Rxe7 Nd7 21.Qd6 
Bxg2 22.Kxg2 Nb6 23.Rc7 Qf5 24.Qxc6 Be5 25.Rb7 Rfc8 26.Qe4 Qe6 27.Be3 Qc6 
28.Qxc6 Rxc6 29.Rd1 Bxc3 30.bxc3 Rxc3 31.Bh6 Rcc8 32.Rd3 Nc4 33.Rdd7 Ne5 
34.Re7 Ng4 35.Bg5 Rc5 36.Bf4 g5 37.Rxf7 gxf4 38.Rg7+ Kf8 39.Rxg4 fxg3 40.
hxg3 Ra5 41.Rgg7 Rxa2 42.Rxh7 Kg8 43.Rbg7+ Kf8 44.Rb7 Kg8 45.Rhg7+ Kh8 46.
Rgf7 a5 47.Kf3 a4 48.Ra7 Rd8 49.Kg4 Kg8 50.f4 a3 51.Kg5 Rg2 52.g4 a2 53.
Rf6 Rd1 54.Rc6 Rd8 55.Rca6 Kh8 56.Ra8 1-0

[Event "zonal 1.7"]
[Site "Riga LAT"]
[Date "1995.03.??"]
[Round "2"]
[White "Kengis, Edvins"]
[Black "Sokolovs, Andrejs"]
[Result "1/2-1/2"]
[WhiteElo "2575"]
[BlackElo "2520"]
[EventDate "1995.03.12"]
[PlyCount "84"]

1.e4 c6 2.d4 d5 3.Nd2 dxe4 4.Nxe4 Nd7 5.Nf3 Ngf6 6.Ned2 g6 7.g3 Bg7 8.Bg2 
O-O 9.O-O Nb6 10.Re1 Bg4 11.c3 e6 12.h3 Bxf3 13.Nxf3 Nbd5 14.Bd2 Qb6 15.
Qc2 Rfd8 16.Rad1 Qc7 17.c4 Ne7 18.Bf4 Qc8 19.Qc1 b5 20.b3 Qa6 21.Qc2 Rac8 
22.Qe2 bxc4 23.bxc4 Nd7 24.g4 Nb6 25.Ne5 Rf8 26.Bf1 Qa4 27.Bg3 c5 28.dxc5 
Rxc5 29.Qe3 Rcc8 30.Qb3 Nc6 31.Nd7 Qxb3 32.axb3 Rfd8 33.Nxb6 Rxd1 34.Rxd1 
axb6 35.Rd7 Bf8 36.Bg2 Na5 37.Rd3 Be7 38.Be4 Kf8 39.Bf4 Rd8 40.Bc7 Rxd3 
41.Bxd3 Nxb3 42.Bxb6 Nc5 1/2-1/2

[Event "zonal 1.7"]
[Site "Riga LAT"]
[Date "1995.03.??"]
[Round "2"]
[White "Miezis, Normunds"]
[Black "Rausis, Igors"]
[Result "1/2-1/2"]
[WhiteElo "2435"]
[BlackElo "2495"]
[EventDate "1995.03.12"]
[PlyCount "30"]

1.c4 c6 2.d4 d5 3.cxd5 cxd5 4.Nc3 Nf6 5.Nf3 Nc6 6.Bf4 Bf5 7.e3 e6 8.Bb5 
Nd7 9.O-O Rc8 10.Qa4 a6 11.Bxc6 Rxc6 12.Rfc1 b5 13.Qb3 Be7 14.Nd1 Rc4 15.
Nd2 Qa5 1/2-1/2

[Event "zonal 1.7"]
[Site "Riga LAT"]
[Date "1995.03.??"]
[Round "2"]
[White "Piesina, Gintautas"]
[Black "Sepp, Olav"]
[Result "1/2-1/2"]
[WhiteElo "2400"]
[BlackElo "2460"]
[EventDate "1995.03.12"]
[PlyCount "92"]

1.d4 Nf6 2.Nf3 g6 3.c4 Bg7 4.Nc3 O-O 5.e4 d6 6.Be2 e5 7.O-O Na6 8.Re1 Qe8 
9.Bf1 Bg4 10.d5 Nb4 11.Be2 a5 12.Nh4 Bd7 13.g3 b6 14.Bd2 Qe7 15.Bg5 h6 16.
Bd2 Nh7 17.Nb5 Na6 18.Kh1 Ng5 19.f3 Nh3 20.Rf1 Nf4 21.Bc3 Bh3 22.Rg1 Nxe2 
23.Qxe2 Qg5 24.Qf2 h5 25.Rae1 Bd7 26.f4 Qe7 27.f5 Bf6 28.Ng2 Nc5 29.Qf3 
Rac8 30.Re2 Kg7 31.Rf2 Rh8 32.fxg6 fxg6 33.Rgf1 Rhf8 34.Bd2 Bg5 35.Bxg5 
Qxg5 36.Qxf8+ Rxf8 37.Rxf8 Bf5 38.R8xf5 gxf5 39.Nxc7 Qd2 40.exf5 Qe2 41.
Kg1 Kf7 42.Ne6 Ne4 43.f6 Nd2 44.Nd8+ Kf8 45.Ne6+ Kf7 46.Nd8+ Kf8 1/2-1/2

[Event "zonal 1.7"]
[Site "Riga LAT"]
[Date "1995.03.??"]
[Round "2"]
[White "Rotsagov, Mihhail"]
[Black "Zapolskis, Antanas"]
[Result "1-0"]
[WhiteElo "2485"]
[BlackElo "2360"]
[EventDate "1995.03.12"]
[PlyCount "67"]

1.e4 c5 2.Nf3 Nc6 3.c3 d6 4.d4 Nf6 5.Bd3 cxd4 6.cxd4 Bg4 7.d5 Bxf3 8.Qxf3 
Ne5 9.Bb5+ Nfd7 10.Qd1 Rc8 11.O-O a6 12.Be2 Qb6 13.b3 Nf6 14.Be3 Qd8 15.f4
Ned7 16.Bf3 g6 17.Bd4 Bg7 18.e5 dxe5 19.fxe5 Ng8 20.Bg4 f5 21.Bxf5 gxf5 
22.Qh5+ Kf8 23.Qxf5+ Ngf6 24.exf6 Nxf6 25.Nd2 Ke8 26.Ne4 Rf8 27.Nd6+ Qxd6 
28.Qxc8+ Kf7 29.Qxb7 Kg8 30.Qc6 Qb4 31.Qe6+ Kh8 32.Rad1 Rg8 33.Bxf6 Bxf6 
34.Rxf6 1-0

[Event "zonal 1.7"]
[Site "Riga LAT"]
[Date "1995.03.??"]
[Round "3"]
[White "Fridmans, Daniels"]
[Black "Kengis, Edvins"]
[Result "1-0"]
[WhiteElo "2440"]
[BlackElo "2575"]
[EventDate "1995.03.12"]
[PlyCount "67"]

1.d4 Nf6 2.Nf3 e6 3.c4 b6 4.a3 Bb7 5.Nc3 g6 6.e3 Bg7 7.Be2 O-O 8.O-O d5 9.
b4 dxc4 10.Bxc4 Nbd7 11.Rb1 Qc8 12.Bb2 c5 13.bxc5 bxc5 14.Nb5 cxd4 15.Be2 
Qd8 16.Bxd4 a6 17.Nd6 Bd5 18.Nc4 Qe7 19.a4 Rfd8 20.Qe1 Ne4 21.Bxg7 Kxg7 
22.a5 Qf6 23.Nb6 Nxb6 24.Rxb6 Nc3 25.Nd4 Qg5 26.Nxe6+ fxe6 27.Qxc3+ Kh6 
28.g3 Rac8 29.Qb4 Rc2 30.Bxa6 Bf3 31.Rxe6 Ra2 32.Bb5 Rdd2 33.Qf8+ Kh5 34.
Qxf3+ 1-0

[Event "zonal 1.7"]
[Site "Riga LAT"]
[Date "1995.03.??"]
[Round "3"]
[White "Rausis, Igors"]
[Black "Piesina, Gintautas"]
[Result "1-0"]
[WhiteElo "2495"]
[BlackElo "2400"]
[EventDate "1995.03.12"]
[PlyCount "55"]

1.e4 c5 2.c3 Nf6 3.e5 Nd5 4.Nf3 Nc6 5.d4 cxd4 6.cxd4 d6 7.Bc4 e6 8.O-O Be7
9.Qe2 O-O 10.Nc3 Nxc3 11.bxc3 dxe5 12.dxe5 Qc7 13.Bd3 Rd8 14.Re1 Bd7 15.
Bg5 h6 16.Bxh6 gxh6 17.Qe4 f5 18.exf6 Bxf6 19.Qh7+ Kf8 20.Re4 Bg7 21.g3 e5
22.Bc4 Ne7 23.Nh4 Qd6 24.Re3 Bc6 25.Rae1 b5 26.Bb3 e4 27.Rxe4 Bxe4 28.Rxe4
1-0

[Event "zonal 1.7"]
[Site "Riga LAT"]
[Date "1995.03.??"]
[Round "3"]
[White "Sepp, Olav"]
[Black "Ehlvest, Jaan"]
[Result "0-1"]
[WhiteElo "2460"]
[BlackElo "2615"]
[EventDate "1995.03.12"]
[PlyCount "62"]

1.e4 c5 2.c3 d5 3.exd5 Qxd5 4.d4 Nf6 5.Nf3 g6 6.Na3 Bg7 7.Be3 cxd4 8.Nb5 
O-O 9.Qxd4 Nc6 10.Qh4 Ng4 11.Nc7 Qa5 12.Nxa8 Bxc3+ 13.Bd2 Bxd2+ 14.Nxd2 
Qe5+ 15.Be2 Nd4 16.O-O g5 17.Qh5 Nxe2+ 18.Kh1 Nf4 19.Nf3 Nxh5 20.Nxe5 Nxe5
21.Nc7 Nf4 22.Rad1 Bf5 23.Nd5 Nxd5 24.Rxd5 f6 25.Rc1 Be4 26.Rd4 Bc6 27.Kg1
Kf7 28.a4 g4 29.Rc5 a6 30.Rc3 Rg8 31.b3 h5 0-1

[Event "zonal 1.7"]
[Site "Riga LAT"]
[Date "1995.03.??"]
[Round "3"]
[White "Sokolovs, Andrejs"]
[Black "Miezis, Normunds"]
[Result "0-1"]
[WhiteElo "2520"]
[BlackElo "2435"]
[EventDate "1995.03.12"]
[PlyCount "90"]

1.d4 Nf6 2.Bg5 Ne4 3.Bh4 c5 4.Nd2 Nxd2 5.Qxd2 cxd4 6.Nf3 Nc6 7.Nxd4 Qb6 8.
O-O-O Nxd4 9.Qxd4 Qxd4 10.Rxd4 e5 11.Rd1 Be7 12.Bg3 d6 13.e4 Bd7 14.Bc4 
Rc8 15.Bd5 Bc6 16.Rhe1 Bxd5 17.Rxd5 f6 18.f3 Kf7 19.b3 a6 20.Kb2 b5 21.c3 
Rc5 22.Red1 Rhc8 23.Be1 Ke6 24.b4 Rc4 25.a4 Rb8 26.Kb3 Rc6 27.axb5 axb5 
28.Ra1 f5 29.Ra5 fxe4 30.fxe4 Rf8 31.Rdxb5 Rf4 32.Rb8 Rxe4 33.Bd2 Re2 34.
b5 Rc5 35.Bc1 e4 36.Ra7 Bf6 37.c4 Re1 38.g4 Be5 39.Bg5 Rb1+ 40.Kc2 Rb2+ 
41.Kd1 Rxc4 42.b6 Rd4+ 43.Kc1 Rdb4 44.Re8+ Kd5 45.Ra5+ Kd4 0-1

[Event "zonal 1.7"]
[Site "Riga LAT"]
[Date "1995.03.??"]
[Round "3"]
[White "Sulskis, Sarunas"]
[Black "Kulaots, Kaido"]
[Result "1/2-1/2"]
[WhiteElo "2470"]
[BlackElo "2410"]
[EventDate "1995.03.12"]
[PlyCount "140"]

1.e4 g6 2.d4 Bg7 3.Nc3 c6 4.Nf3 d5 5.h3 Nh6 6.Bd3 f6 7.O-O O-O 8.Re1 Nf7 
9.Bf1 b6 10.a4 a6 11.Bf4 Bb7 12.Bg3 Nd7 13.Qe2 Re8 14.Rad1 e6 15.Qd2 Bf8 
16.Re2 Bb4 17.Qc1 Rc8 18.Rd3 a5 19.Rde3 Ba6 20.Re1 Bxf1 21.Kxf1 Nf8 22.
R1e2 Qd7 23.Rd3 Kg7 24.Kg1 Qb7 25.Bh4 Qc7 26.Nh2 Nd7 27.Bg3 Bd6 28.Bxd6 
Qxd6 29.Qe1 Nf8 30.Nf3 Qb4 31.b3 Red8 32.g4 Qe7 33.Rde3 Qc7 34.Kh1 Qf4 35.
Rd2 Rd7 36.Kg2 Kh8 37.Qh1 Rcd8 38.Qh2 Qxh2+ 39.Kxh2 Kg7 40.h4 dxe4 41.Nxe4
f5 42.gxf5 exf5 43.Neg5 Nd6 44.Rde2 Nc8 45.c4 Rd6 46.Ne6+ Nxe6 47.Rxe6 Kf8
48.Kg3 Rxe6 49.Rxe6 Rd6 50.Rxd6 Nxd6 51.Kf4 Ne4 52.Ne5 Nxf2 53.Nxc6 Ke8 
54.Ne5 Ne4 55.h5 gxh5 56.Kxf5 Nd2 57.Kg5 Nxb3 58.Nf3 Nc1 59.Kxh5 Ne2 60.
Kh6 Nc3 61.Kxh7 Nxa4 62.Kg6 Nb2 63.Nd2 a4 64.Kf5 a3 65.c5 bxc5 66.dxc5 Nd3
67.Nb3 a2 68.c6 Kd8 69.Na1 Kc7 70.Ke4 Nb4 1/2-1/2

[Event "zonal 1.7"]
[Site "Riga LAT"]
[Date "1995.03.??"]
[Round "3"]
[White "Zapolskis, Antanas"]
[Black "Kaunas, Kestutis"]
[Result "0-1"]
[WhiteElo "2360"]
[BlackElo "2415"]
[EventDate "1995.03.12"]
[PlyCount "136"]

1.e4 Nf6 2.Nc3 d5 3.e5 Ne4 4.Nce2 d4 5.c3 Nc6 6.cxd4 Ng5 7.Qa4 a6 8.f4 Ne6
9.Nf3 b5 10.Qc2 Bb7 11.Qc3 g6 12.d3 Bg7 13.Be3 O-O 14.Ng3 Bh6 15.Ne2 Qd5 
16.Qd2 b4 17.h4 f6 18.h5 fxe5 19.dxe5 g5 20.fxg5 Rxf3 21.gxf3 Nxe5 22.Ng1 
Bg7 23.h6 Bh8 24.Rc1 Rd8 25.d4 Qxf3 26.Rh3 Qe4 27.Qc2 Rxd4 28.Qxe4 Rxe4 
29.Kd2 Rg4 30.Be2 Rg2 31.Ke1 Kf7 32.Rc2 Ng4 33.Ba7 c5 34.Nf3 Ne3 35.Rd2 
Kf8 36.Rd7 Bc6 37.Rd2 Be4 38.Rh2 Nc2+ 39.Rxc2 Rxh2 40.Nxh2 Bxc2 41.Bc4 Nf4
42.Kd2 Bf5 43.Bxc5 a5 44.b3 Ne6 45.Be3 Bc3+ 46.Kc1 Nd4 47.Nf1 e5 48.Ng3 
Bg6 49.Bd5 Ba1 50.Ne4 Ke7 51.Nf6 Ne6 52.Bc4 Bd4 53.Bd2 Kd6 54.Nd5 Nc5 55.
Be3 Bxe3+ 56.Nxe3 Ne6 57.Bxe6 Kxe6 58.Kd2 Bb1 59.Kc1 Be4 60.Kb2 Kf7 61.Nc4
Kg6 62.Nxe5+ Kxg5 63.Nc4 Kxh6 64.Nxa5 Kg5 65.Nc4 h5 66.Kc1 h4 67.Ne3 h3 
68.Nf1 Bg2 0-1

[Event "zonal 1.7"]
[Site "Riga LAT"]
[Date "1995.03.??"]
[Round "4"]
[White "Ehlvest, Jaan"]
[Black "Rausis, Igors"]
[Result "1-0"]
[WhiteElo "2615"]
[BlackElo "2495"]
[EventDate "1995.03.12"]
[PlyCount "85"]

1.d4 d5 2.c4 Bf5 3.cxd5 Bxb1 4.Qa4+ c6 5.dxc6 Nxc6 6.Rxb1 Qxd4 7.Qxd4 Nxd4
8.e3 Nc6 9.b4 e6 10.a3 Bd6 11.Nf3 Nf6 12.Bb2 Ke7 13.g3 Rac8 14.Bg2 Rhd8 
15.Ke2 g6 16.Rbc1 Nd5 17.Rhd1 f6 18.Rd2 a6 19.Rdc2 f5 20.h3 Na7 21.Ng5 h6 
22.Nf3 Rxc2+ 23.Rxc2 Rc8 24.Rxc8 Nxc8 25.Ne5 Bxe5 26.Bxe5 Nd6 27.Kd3 h5 
28.h4 Kd7 29.Bxd5 exd5 30.Bxd6 Kxd6 31.Kd4 b6 32.a4 Ke6 33.f3 Kd6 34.Kc3 
Ke5 35.Kd3 Ke6 36.Kc3 Ke5 37.Kd3 Ke6 38.Kd4 Kd6 39.a5 bxa5 40.bxa5 Kc6 41.
Ke5 Kb5 42.Kxd5 Kxa5 43.Kc5 1-0

[Event "zonal 1.7"]
[Site "Riga LAT"]
[Date "1995.03.??"]
[Round "4"]
[White "Kulaots, Kaido"]
[Black "Rotsagov, Mihhail"]
[Result "1/2-1/2"]
[WhiteElo "2410"]
[BlackElo "2485"]
[EventDate "1995.03.12"]
[PlyCount "94"]

1.e4 c5 2.Nf3 d6 3.d4 cxd4 4.Nxd4 Nf6 5.Nc3 e6 6.g3 Nc6 7.Bg2 Bd7 8.O-O 
Be7 9.b3 a6 10.Bb2 O-O 11.h3 Rc8 12.g4 Qa5 13.Nde2 Ne5 14.Qe1 Qc5 15.Bc1 
d5 16.Be3 Qc7 17.exd5 Nxd5 18.Nxd5 exd5 19.Nd4 Rfe8 20.Qd2 Nc6 21.c3 Rcd8 
22.Rad1 Bc8 23.Ne2 Be6 24.Nf4 Ne5 25.Nxe6 fxe6 26.f4 Nc6 27.f5 d4 28.cxd4 
Nxd4 29.Qf2 e5 30.g5 Rf8 31.Be4 Qc3 32.Rc1 Qb4 33.Rc4 Qd6 34.Qh4 Rf7 35.
Qg4 Rdf8 36.h4 Qd7 37.Bxd4 exd4 38.Qg2 Kh8 39.Kh1 Bd8 40.Bd3 Qd6 41.Qf2 
Bb6 42.Re1 Re7 43.Rxe7 Qxe7 44.Rc2 Qd7 45.Re2 g6 46.Qf3 gxf5 47.Re5 Bc7 
1/2-1/2

[Event "zonal 1.7"]
[Site "Riga LAT"]
[Date "1995.03.??"]
[Round "4"]
[White "Miezis, Normunds"]
[Black "Fridmans, Daniels"]
[Result "1/2-1/2"]
[WhiteElo "2435"]
[BlackElo "2440"]
[EventDate "1995.03.12"]
[PlyCount "64"]

1.c4 e5 2.Nc3 Nf6 3.g3 c6 4.Nf3 e4 5.Nd4 d5 6.cxd5 Qb6 7.Nb3 a5 8.e3 cxd5 
9.d3 Bg4 10.Nxd5 Bb4+ 11.Nd2 Bxd2+ 12.Bxd2 Nxd5 13.Qxg4 O-O 14.Qxe4 Qxb2 
15.Rc1 Nb4 16.d4 N8c6 17.Qb1 Qxa2 18.Bc4 Qxb1 19.Rxb1 Nc2+ 20.Ke2 Na3 21.
Rbc1 Rfe8 22.Kf3 Nxc4 23.Rxc4 Ra6 24.Rb1 Rb8 25.Rc5 a4 26.Bc3 f6 27.Rcb5 
Nd8 28.d5 a3 29.Ra1 a2 30.Bd4 Nf7 31.Rb2 Rd8 32.Rxb7 Rxd5 1/2-1/2

[Event "zonal 1.7"]
[Site "Riga LAT"]
[Date "1995.03.??"]
[Round "4"]
[White "Piesina, Gintautas"]
[Black "Sokolovs, Andrejs"]
[Result "1/2-1/2"]
[WhiteElo "2400"]
[BlackElo "2520"]
[EventDate "1995.03.12"]
[PlyCount "86"]

1.e4 g6 2.d4 Bg7 3.Nf3 c6 4.g3 d5 5.Nbd2 Nh6 6.Bg2 O-O 7.O-O Na6 8.c3 Nc7 
9.Re1 f6 10.a4 Nf7 11.a5 e5 12.dxe5 fxe5 13.Nb3 Qf6 14.Be3 Nd6 15.Nfd2 
Ndb5 16.exd5 cxd5 17.Bc5 Re8 18.c4 dxc4 19.Nxc4 Be6 20.Nbd2 Rad8 21.Qa4 
Bd5 22.Bxd5+ Rxd5 23.Ne4 Qc6 24.b4 Ne6 25.Ncd6 Nxd6 26.Qxc6 bxc6 27.Nxd6 
Rd8 28.Ne4 Nxc5 29.bxc5 Rd4 30.Rab1 Ra4 31.Rb7 Rxa5 32.Rc7 Ra4 33.Ng5 Rad4
34.Ne6 R4d7 35.Rxc6 Re8 36.Ra6 Bf6 37.h4 h6 38.Nc7 Rxc7 39.Rxf6 Kg7 40.Ra6
Rxc5 41.Rxa7+ Kf6 42.Rb1 e4 43.Rbb7 Re6 1/2-1/2

[Event "zonal 1.7"]
[Site "Riga LAT"]
[Date "1995.03.??"]
[Round "4"]
[White "Sulskis, Sarunas"]
[Black "Sepp, Olav"]
[Result "1/2-1/2"]
[WhiteElo "2470"]
[BlackElo "2460"]
[EventDate "1995.03.12"]
[PlyCount "149"]

1.e4 e5 2.Nf3 Nc6 3.Bb5 Bc5 4.O-O Nd4 5.Nxd4 Bxd4 6.c3 Bb6 7.d4 c6 8.Ba4 
d6 9.Na3 exd4 10.cxd4 Ne7 11.d5 O-O 12.dxc6 bxc6 13.Bg5 f6 14.Bf4 d5 15.
Qc2 Bb7 16.Rfe1 Ng6 17.Be3 d4 18.Bd2 c5 19.b4 Qe7 20.Rab1 Rfc8 21.Nc4 Ne5 
22.bxc5 Qxc5 23.Nxb6 axb6 24.Qb3+ Qc4 25.Qxc4+ Nxc4 26.Bb3 b5 27.Bb4 Kh8 
28.Rbd1 Rd8 29.f4 Ne3 30.e5 fxe5 31.fxe5 Nxd1 32.Rxd1 Bd5 33.e6 Bxb3 34.
axb3 Kg8 35.e7 Rdc8 36.Rxd4 Kf7 37.h4 g6 38.Kh2 Ke6 39.Kg3 Re8 40.Kg4 Ra2 
41.g3 h6 42.Rd8 Kf7 43.Rd3 Rf2 44.Kh3 h5 45.Re3 Ra8 46.Bc5 Rf5 47.b4 Re8 
48.g4 Rxc5 49.bxc5 Rxe7 50.Rb3 hxg4+ 51.Kg3 Re4 52.Rxb5 Rc4 53.Rb7+ Kf6 
54.Rc7 Kf5 55.c6 Rc3+ 56.Kg2 Rc2+ 57.Kg3 Rc4 58.Kg2 g3 59.Kh3 g2 60.Kxg2 
Kg4 61.Kf2 Kxh4 62.Ke2 g5 63.Kd2 Rc5 64.Ke3 g4 65.Kd4 Rc1 66.Kd5 g3 67.Rg7
Kh3 68.Kd6 g2 69.c7 Kh2 70.Kd7 g1=Q 71.Rh7+ Kg2 72.Rg7+ Kf2 73.Rxg1 Rxc7+ 
74.Kd6 Kxg1 75.Kxc7 1/2-1/2

[Event "zonal 1.7"]
[Site "Riga LAT"]
[Date "1995.03.??"]
[Round "5"]
[White "Fridmans, Daniels"]
[Black "Piesina, Gintautas"]
[Result "1/2-1/2"]
[WhiteElo "2440"]
[BlackElo "2400"]
[EventDate "1995.03.12"]
[PlyCount "43"]

1.Nf3 c5 2.c4 g6 3.Nc3 Bg7 4.g3 Nc6 5.Bg2 e6 6.O-O Nge7 7.d3 O-O 8.Bd2 b6 
9.Qc1 Bb7 10.Bh6 d5 11.Bxg7 Kxg7 12.cxd5 Nxd5 13.Rd1 e5 14.e3 Rc8 15.Qd2 
Rc7 16.Nxd5 Qxd5 17.d4 cxd4 18.Nxd4 Qxg2+ 19.Kxg2 Nxd4+ 20.Kf1 Ba6+ 21.Kg2
Bb7+ 22.Kf1 1/2-1/2

[Event "zonal 1.7"]
[Site "Riga LAT"]
[Date "1995.03.??"]
[Round "5"]
[White "Oll, Lembit"]
[Black "Kengis, Edvins"]
[Result "1-0"]
[WhiteElo "2610"]
[BlackElo "2575"]
[EventDate "1995.03.12"]
[PlyCount "81"]

1.d4 Nf6 2.c4 e6 3.Nf3 b6 4.g3 Ba6 5.Nbd2 Bb7 6.Bg2 c5 7.e4 cxd4 8.O-O d6 
9.Nxd4 Nbd7 10.Re1 Qc8 11.a4 a6 12.a5 e5 13.Nf5 g6 14.Ne3 Be7 15.axb6 O-O 
16.b4 Bd8 17.c5 dxc5 18.bxc5 Nxc5 19.Nec4 Nd3 20.Re3 Nxf2 21.Kxf2 Ng4+ 22.
Ke1 Nxe3 23.Nxe3 Bxb6 24.Ndc4 Bxe3 25.Nxe3 Rd8 26.Qb3 Rb8 27.Qa3 Qe6 28.
Rb1 Ba8 29.Rxb8 Rxb8 30.Bd2 Rb1+ 31.Ke2 Bc6 32.h3 Bb5+ 33.Kf2 Qb6 34.Qc3 
Qd4 35.Qc8+ Kg7 36.Bc3 Qd3 37.Bxe5+ f6 38.Bxf6+ Kxf6 39.Nd5+ Ke5 40.Qh8+ 
Kd6 41.Qf8+ 1-0

[Event "zonal 1.7"]
[Site "Riga LAT"]
[Date "1995.03.??"]
[Round "5"]
[White "Rausis, Igors"]
[Black "Sulskis, Sarunas"]
[Result "1-0"]
[WhiteElo "2495"]
[BlackElo "2470"]
[EventDate "1995.03.12"]
[PlyCount "73"]

1.e4 e5 2.Nf3 Nc6 3.Bb5 a6 4.Bxc6 dxc6 5.O-O f6 6.d4 exd4 7.Nxd4 c5 8.Ne2 
Qxd1 9.Rxd1 Bg4 10.f3 Bd7 11.Nbc3 O-O-O 12.Be3 Bd6 13.Bf4 Bxf4 14.Nxf4 Ne7
15.Rd2 Ng6 16.Nxg6 hxg6 17.Rad1 Be6 18.Rxd8+ Rxd8 19.Rxd8+ Kxd8 20.Kf2 g5 
21.Ke3 Ke7 22.g3 b5 23.a3 Kd6 24.h4 gxh4 25.gxh4 b4 26.Ne2 Bf7 27.f4 Kc6 
28.Ng3 Kb5 29.Nf5 g6 30.Nh6 Be8 31.Ng8 bxa3 32.bxa3 f5 33.Nf6 Bf7 34.exf5 
gxf5 35.h5 Ka4 36.h6 Bg6 37.Nd7 1-0

[Event "zonal 1.7"]
[Site "Riga LAT"]
[Date "1995.03.??"]
[Round "5"]
[White "Rotsagov, Mihhail"]
[Black "Kaunas, Kestutis"]
[Result "1/2-1/2"]
[WhiteElo "2485"]
[BlackElo "2415"]
[EventDate "1995.03.12"]
[PlyCount "123"]

1.e4 Nf6 2.e5 Nd5 3.d4 d6 4.Nf3 Bg4 5.Be2 e6 6.O-O Be7 7.c4 Nb6 8.Nc3 O-O 
9.Be3 a5 10.exd6 cxd6 11.Qb3 N8d7 12.Rac1 Rc8 13.Na4 Nxa4 14.Qxa4 Qc7 15.
h3 Bf5 16.Rfe1 h6 17.Bd2 Qc6 18.Qxa5 Ra8 19.Qb4 Rxa2 20.d5 Qb6 21.Qxb6 
Nxb6 22.dxe6 Bxe6 23.b3 Nd7 24.Bf4 Nc5 25.Nd4 Bd7 26.Rcd1 Rd8 27.Bg4 Bh4 
28.g3 Bxg4 29.hxg4 Bf6 30.b4 Na6 31.b5 Nb4 32.Nf5 d5 33.c5 Rc2 34.Bd6 g6 
35.Ne7+ Kg7 36.Nxd5 Nxd5 37.Rxd5 Ra8 38.Bf4 Raa2 39.Be3 Bg5 40.Bd4+ Bf6 
41.Be3 Bg5 42.Rxg5 hxg5 43.Rd1 Ra3 44.Rd5 Rxe3 45.fxe3 Kf6 46.b6 Ke6 47.
Rxg5 Kd7 48.Re5 Kc6 49.Re7 Rxc5 50.Rxf7 Kxb6 51.Kf2 Rc7 52.Rf6+ Rc6 53.g5 
Kc5 54.Ke2 Kd5 55.g4 Ra6 56.Kf3 Rc6 57.Rf7 b5 58.e4+ Kc5 59.Ke3 b4 60.Kd3 
Rd6+ 61.Kc2 Re6 62.Rf6 1/2-1/2